Processibility, morphological studies and mechanical properties of biodegradable LDPE/modified starch blends (Record no. 65760)

MARC details
000 -LEADER
fixed length control field 00460nam a2200121Ia 4500
100 ## - MAIN ENTRY--AUTHOR NAME
Personal name Trivedi Krunal
245 #0 - TITLE STATEMENT
Title Processibility, morphological studies and mechanical properties of biodegradable LDPE/modified starch blends
260 ## - PUBLICATION, DISTRIBUTION, ETC. (IMPRINT)
Name of publisher Proceedings of the Asia Rub Tech Expo, 23-25 November 2006, Indian Rubber Institute, Kochi. pp.150.
700 ## - ADDED ENTRY--PERSONAL NAME
Personal name Darji Manojkumar
700 ## - ADDED ENTRY--PERSONAL NAME
Personal name John Neetha
942 ## - ADDED ENTRY ELEMENTS (KOHA)
Koha item type Journals
Holdings
Withdrawn status Lost status Damaged status Not for loan Home library Current library Shelving location Date acquired Koha item type
      Journals RRII Library RRII Library Rubber chemistry 28/12/2006 Journals